មគ្គុទ្ទេសក៏ទេសចរណ៏ ខេត្តកំពង់ធំ : (Record no. 9438)

MARC details
000 -LEADER
fixed length control field 00835nam a22001937a 4500
001 - CONTROL NUMBER
control field 9438
003 - CONTROL NUMBER IDENTIFIER
control field FISKH
005 - DATE AND TIME OF LATEST TRANSACTION
control field 20260112103047.0
008 - FIXED-LENGTH DATA ELEMENTS--GENERAL INFORMATION
fixed length control field 260108b cb ||||| |||| 00| 0 eng d
040 ## - CATALOGING SOURCE
Original cataloging agency FISKH
Language of cataloging bilingual
Transcribing agency FISKH
Modifying agency FISKH
082 ## - DEWEY DECIMAL CLASSIFICATION NUMBER
Classification number 915.96
100 ## - MAIN ENTRY--PERSONAL NAME
Personal name Anonymous
245 ## - TITLE STATEMENT
Title មគ្គុទ្ទេសក៏ទេសចរណ៏ ខេត្តកំពង់ធំ :
Statement of responsibility, etc. By Anonymous
Remainder of title Kampong Thom torist guide /
260 ## - PUBLICATION, DISTRIBUTION, ETC.
Place of publication, distribution, etc. Phnom Penh :
300 ## - PHYSICAL DESCRIPTION
Extent 84 pages :
Other physical details color illustrations ;
Dimensions 21 cm .
520 ## - SUMMARY, ETC.
Summary, etc. This book is a tourism guide that introduces Kampong Thom Province, one of Cambodia’s culturally and historically rich regions. It provides readers with essential information about the province’s geography, history, culture, and tourist attractions.
942 ## - ADDED ENTRY ELEMENTS (KOHA)
Source of classification or shelving scheme Dewey Decimal Classification
Koha item type Books
Suppress in OPAC No
Holdings
Withdrawn status Lost status Source of classification or shelving scheme Damaged status Not for loan Collection Home library Current library Shelving location Date acquired Total Checkouts Full call number Barcode Date last seen Price effective from Koha item type
    Dewey Decimal Classification     Reference Footprints International School Library Network Toul Tom Poung Campus Footprints International School Library Network Toul Tom Poung Campus Librarian's Shelf TTP 01/08/2026   ANO 915.96 2026-0012 01/08/2026 01/08/2026 Books